Medicina interna vol.2 Farreras . Rozman

Guardado en:
Detalles Bibliográficos
Autor principal: Farreras, P
Formato: Libros domicilio, Libros Sala
Lenguaje:Español
Publicado: Elsevier
Edición:20a. edición
Materias:
LEADER 01221nam#a2200397#c#4500
001 UMA-000278
003 UMA
008 260415suuuu#### ##########||||#0#spa#d
005 20260415 175502
020 # # |a 9788413827438 
041 0 # |a spa 
044 # # |a sp 
082 0 4 |a SEDE VALLE DE UCO 616 FAR v.2 
100 1 # |a Farreras, P  |e Autor 
245 0 0 |a Medicina interna vol.2  |b Farreras . Rozman  |c P. Farreras 
250 # # |a 20a. edición 
264 # 0 |a Barcelona, España  |b Elsevier  |c 2024 
300 # # |a XLII, 2844 páginas  |b gráficos, fotografías, color  |c 21 x 28 cm 
336 # # |a texto  |b txt  |2 rdacontent 
337 # # |a no mediado  |b n  |2 rdamedia 
338 # # |a volumen  |b nc  |2 rdacarrier 
650 # 0 |a Medicina 
650 # 0 |a Medicina interna 
650 # 0 |a Psiquiatría 
650 # 0 |a Hematología 
650 # 0 |a Metabolismo y nutrición 
650 # 0 |a Endocrinología 
650 # 0 |a Enfermedades infecciosas 
650 # 0 |a Infecciones bacterianas 
650 # 0 |a Infecciones causadas por hongos 
650 # 0 |a Infecciones causadas por parásitos 
650 # 0 |a Infecciones causadas por virus 
650 # 0 |a Toxicología clínica 
650 # 0 |a Inmunología 
650 # 0 |a Enfermedades por agentes ambientales 
650 # 0 |a Sede Valle de Uco